000 00464nam a2200181Ia 4500
001 24738
005 20260414151103.0
008 260414t2007||||xx |||||||||||||| ||spa||
041 _aESP
082 _a345.73
_bM26
100 _aGuilherme Marinoni, Luiz
_eAUT
245 0 _aDerecho fundamental a la tutela jurisdiccional efectiva No. 5
_b
260 _c2007
300 _a340 páginas :
_ccm.
650 _aDER
654 _aCDE
942 _cLIB
_dJUS
_fJUS
_2ddc
_n
999 _c24738
_d24738